Top 15 wrs in speedblox - Statistics

General Stats
  • This quiz has been taken 112 times
  • The average score is 9 of 15
Answer Stats
Hint Answer % Correct
118 wrs Imverygodatobbies
90%
147 wrs Othunderie
85%
291 wrs DD3985666
81%
81 wrs Jorma28
75%
21 wrs jrlegoboy2006
69%
43 wrs zworts
63%
33 wrs RainbowTexturePack
60%
57 wrs Imranzxd
56%
38 wrs tuilaai2002
52%
68 wrs SanderKingOfRoblox
50%
39 wrs bihv2
48%
53 wrs 1mlwys
44%
27 wrs ILLUMlNIZE
44%
29 wrs maximilian47
35%
17 wrs Rileyjohn1234
25%
No matching quizzes found
Score Distribution
Percent of People with Each Score
Percentile by Number Answered
Your Score History
You have not taken this quiz